LEADER 01536naa a2200325 u 4500 001 000000110417 003 CaOOAMICUS 005 20080307105018.0 008 080307s2007 it u000 u ita u 020 $z978-88-8312-698-7* 040 $aPUL$bita$dLDB 041 1 $aita$afre$hfre 245 03$aLa philosophie Bantoue :$bla filosofia Bantu di Placide Tempels /$ca cura di Martin Nkafu Nkemnkia e Enrica Signorini ; traduzione italiana di Enrica Signorini. 246 30$aFilosofia Bantu di Placide Tempels 260 $aCesena :$bIl Ponte Vecchio,$c2007. 300 $a217 p. ;$c24 cm. 490 1 $aSophia. Saggi e ricerche 504 $aBibliografia : p. 215-217. 546 $aTesto in italiano e francese. 600 14$aTempels, Placide,$d1906-$xPensiero filosofico.$0(OLS)http://pul/subject/34125 700 1 $aSignorini, Enrica.$0(OLS)http://pul/name/67660 700 1 $aNkafu Nkemnkia, Martin,$d1950-$0(OLS)http://pul/name/36215 830 0$aSophia. Saggi e ricerche.$0(OLS)http://pul/title/138837 850 $aPUL 852 $aPUL$W1$xSL Filosofia 3$y81$m199. 6 TEMPL 1$j126492$qDDC 21$q $B125217$CPULBib$Z2$F125217 $H106145 $81 941 1 $a9 996 $6020$z978-88-8312-698-7*$9(OLS)http://pul/number/137435 996 $6245$aLa philosophie Bantoue :$bla filosofia Bantu di Placide Tempels$9(OLS)http://pul/title/138835 996 $6246$aFilosofia Bantu di Placide Tempels$9(OLS)http://pul/title/138836 996 $6260$aCesena :$bIl Ponte Vecchio$9(OLS)http://pul/publisher/79749 LEADER 01782nam a2200361 u 4500 001 000000107484 003 CaOOAMICUS 005 20090605171913.0 008 071010m20069999it u000 u ita r 020 $z88-13-25975-1 (v. 2)* 020 $z978-88-13-29021-4 (v. 3)* 040 $aPUL$bita$dLDB 100 1 $aAlpa, Guido.$0(OLS)http://pul/name/5977 245 10$aCommentario breve al Codice civile :$bleggi complementari /$cGuido Alpa, Paolo Zatti. 250 $a4. ed. 260 $aPadova :$bCEDAM,$c<2006-2009>. 300 $av. ;$c22 cm 490 1 $aBreviaria Iuris ;$v11 500 $aContiene indici. 505 1 $av. 2. Impresa e contratti d'impresa. Società e intermediazione finanziaria. -- v. 3. Assicurazioni, banca, consumatore. 610 14$aItalia$xLeggi, statuti, ecc.$0(OLS)http://pul/subject/2360 630 04$aCodice civile$9(Italia).$0(OLS)http://pul/subject/19974 650 4$aDiritto civile$zItalia.$0(OLS)http://pul/subject/3770 700 1 $aZatti, Paolo.$0(OLS)http://pul/name/5978 830 0$aBreviaria Iuris ;$v11.$0(OLS)http://pul/title/8521 850 $aPUL 852 $aPUL$W1$xDP2 Diritto e Scienze Sociali 3$y110$m348. 45 CCOLL 4.2$j124164$av. 2$qDDC 21$B121157$CPULBib$Z2$F121157 $H104936 $82 852 $aPUL$W1$xDP2 Diritto e Scienze Sociali 3$y110$m348. 45 CCOLL 4.3$j132954$av. 3$qDDC 21$B131955$CPULBib$Z2$F131955 $H110164 $82 941 1 $a9 996 $6020$z88-13-25975-1 (v. 2)*$9(OLS)http://pul/number/135860 996 $6020$z978-88-13-29021-4 (v. 3)*$9(OLS)http://pul/number/141015 996 $6245$aCommentario breve al Codice civile :$bleggi complementari$9(OLS)http://pul/title/8524 996 $6260$aPadova :$bCEDAM$9(OLS)http://pul/publisher/48126